| 000 | 01036cam a2200313 a 4500 | ||
|---|---|---|---|
| 001 | 2805259 | ||
| 003 | OSt | ||
| 005 | 20140310184453.0 | ||
| 008 | 820520s1982 maua j 000 1 eng | ||
| 010 | _a 82009357 | ||
| 020 |
_a0590334670 _c$8.95 |
||
| 040 |
_aDLC _cDLC _dDLC |
||
| 042 | _alcac | ||
| 050 | 0 | 0 |
_aPZ 7 _b.Al413Mh 1982 |
| 100 | 1 |
_aAllard, Harry. _922905 |
|
| 245 | 1 | 0 |
_aMiss Nelson is back / _cHarry Allard, James Marshall. |
| 260 |
_aBoston : _bHoughton Mifflin Co., _c1982. |
||
| 300 |
_a32 p. : _bcol. ill. ; _c23 cm. |
||
| 521 | _aG2 | ||
| 526 | _c320 | ||
| 650 | 1 |
_aSchools _xFiction. _928218 |
|
| 650 | 1 |
_aTeachers _xFiction. _928219 |
|
| 700 | 1 |
_aMarshall, James, _d1942-1992, _eill. _928220 |
|
| 856 | 4 | 2 |
_3Publisher description _uhttp://www.loc.gov/catdir/description/hm021/82009357.html |
| 856 | 4 | 2 |
_3Contributor biographical information _uhttp://www.loc.gov/catdir/enhancements/fy1003/82009357-b.html |
| 906 |
_a7 _bcbc _corignew _d1 _eocip _f19 _gy-gencatlg |
||
| 942 |
_2lcc _cBK-SCHOLAS |
||
| 999 |
_c34623 _d34623 |
||